Break-even Analyses : Basic Model,Variants,Extensions

Αποθηκεύτηκε σε:
Λεπτομέρειες βιβλιογραφικής εγγραφής
Κύριος συγγραφέας: Schweitzer, Marcell
Άλλοι συγγραφείς: Trossmann, Ernst, Lawson, G. H. (Gerald Hartley)
Μορφή: Βιβλίο
Γλώσσα:English
Δημοσίευση: Chichester, New York, Wiley, 1991
Θέματα:
Ετικέτες: Προσθήκη ετικέτας
Δεν υπάρχουν, Καταχωρήστε ετικέτα πρώτοι!

MARC

LEADER 00000nam a2200000 i 4500
001 1/40029
008 960131s1991 eng d
020 |a 0-471-93065-2 
035 |l 10025153 
040 |a GR-MY-UA  |b gre  |e aacr 
041 0 |a eng 
082 0 |a 658.1554 
100 1 |a Schweitzer, Marcell. 
245 1 0 |a Break-even Analyses :  |b Basic Model,Variants,Extensions /  |c Marcell Schweitzer, Ernst Trossmann, Gerald H.Lawson 
260 |b Chichester, New York,   |b Wiley,   |c 1991 
300 |a 306 p. 
500 |a Includes bibliographical references and indexes 
650 0 0 |a Break-even analysis. 
700 1 |a Trossmann, Ernst. 
700 1 |a Lawson, G. H.  |q (Gerald Hartley) 
852 |a INST  |b CHIOS  |e 19960131  |h 658.1554 SCH  |p 005200001697  |q 005200001697  |t BK  |y 0 
909 |a Χ  |b 040312